Loreto College Library, Kolkata
WEBOPAC (ONLINE PUBLIC ACCESS CATALOGUE)

Land systems and rural society in early India (Record no. 42313)

MARC details
000 -LEADER
fixed length control field 00651nam a22002177a 4500
005 - DATE AND TIME OF LATEST TRANSACTION
control field 20190802134556.0
008 - FIXED-LENGTH DATA ELEMENTS--GENERAL INFORMATION
fixed length control field 190802b xxu||||| |||| 00| 0 eng d
020 ## - ISBN | অাই এস বি এন
ISBN | অাই এস বি এন 8173042950
PRICE Rs.250.00
040 ## - CATALOGING SOURCE
Original cataloging agency Loreto College
041 ## - LANGUAGE CODE
Language code English
082 ## - DDC | ডিউই
Classification number | বর্গসংখ্যা 954
Book Number | গ্রন্থাঙ্ক SAH
245 ## - TITLE STATEMENT | অাখ্যা বিবরণী
Title | অাখ্যা Land systems and rural society in early India
Statement of responsibility | লেখকের দায়িত্বের বিবরণ Edited by Bhairabi Prasad Sahu
260 ## - IMPRINT | প্রকাশনা ক্ষেত্র
Place of publication | প্রকাশ স্থান New Delhi
Name of publisher | প্রকাশকের নাম Manohar
Date of publication | প্রকাশ কাল 2004
300 ## - PHYSICAL DESCRIPTION |
Page / Vol. No | পৃষ্ঠা / খন্ড সংখ্যা xiv,380p
Other physical details | অনান্য বাহ্যিক বিবরণ 22cm
440 ## - SERIES STATEMENT |গ্রন্থমালা
Series Title | গ্রন্থমালা অাখ্যা Readings in early Indian history
504 ## - BIBLIOGRAPHY, ETC. NOTE
Bibliography, etc Includes bibliographical references
650 ## - SUBJECT ADDED ENTRY--TOPICAL TERM | বিষয় শিরোনাম - মূল বিষয়
Topical term | মূল বিষয় Agrarian history
Geographic subdivision | ভৌগলিক বিভাগ India,early
700 ## - ADDED ENTRY--PERSONAL NAME | অতিরিক্ত সংলেখ - ব্
Relator code | দায়িত্ব নির্দেশক ed.
Personal name | ব্যাক্তিনাম Sahu,Bhairabi Prasad
850 ## - HOLDING INSTITUTION
Holding institution LCLIB
942 ## - ADDED ENTRY ELEMENTS (KOHA)
Koha item type Books
Holdings
Withdrawn status Lost status Source of classification Damaged status Not for loan Home library Current library Date acquired Price Total Checkouts Full call number Accession No. Date last seen Price effective from Koha item type
    Dewey Decimal Classification     Loreto College Loreto College 02/08/2019 250.00   954 SAH 53308 46338 02/08/2019 02/08/2019 Books